[Event "HUN-chT2 Barcza 1213"]
[Site "Hungary"]
[Date "2013.03.03"]
[Round "8.10"]
[White "Somlyai, Szabolcs"]
[Black "Bogi, Kornel Andras"]
[Result "1/2-1/2"]
[WhiteElo "1901"]
[BlackElo "1888"]
[PlyCount "44"]
[EventDate "2012.09.16"]
[EventType "team-tourn"]
[EventRounds "11"]
[EventCountry "HUN"]
[SourceTitle "EXT 2014"]
[Source "ChessBase"]
[SourceDate "2013.11.20"]
[SourceVersion "1"]
[SourceVersionDate "2013.11.20"]
[SourceQuality "1"]
[WhiteTeam "Tiszavasvar"]
[BlackTeam "Piremon"]
[WhiteTeamCountry "HUN"]
[BlackTeamCountry "HUN"]

1. d4 f5 2. c4 Nf6 3. Nc3 e6 4. e3 Be7 5. Bd3 0-0 6. Nf3 d6 7. Qc2 Nc6 8. a3 a5 9. h3 d5 10. cxd5 Nxd5 11. e4 Nb6 12. exf5 exf5 13. d5 Nb8 14. Bf4 Kh8 15. 0-0-0 Bd7 16. Rhe1 Ra6 17. Nd4 g6 18. Ne6 Bxe6 19. dxe6 Qe8 20. Bh6 Rf6 21. Bg5 Rf8 22. Bh6 Rf6 1/2-1/2

[Event "HUN-chT2 Barcza 1213"]
[Site "Hungary"]
[Date "2013.01.27"]
[Round "6.10"]
[White "Somlyai, Szabolcs"]
[Black "Kerti, Laszlo"]
[Result "1-0"]
[WhiteElo "1901"]
[BlackElo "1766"]
[PlyCount "100"]
[EventDate "2012.09.16"]
[EventType "team-tourn"]
[EventRounds "11"]
[EventCountry "HUN"]
[SourceTitle "EXT 2014"]
[Source "ChessBase"]
[SourceDate "2013.11.20"]
[SourceVersion "1"]
[SourceVersionDate "2013.11.20"]
[SourceQuality "1"]
[WhiteTeam "Tiszavasvar"]
[BlackTeam "Debrecen Sakkiskola"]
[WhiteTeamCountry "HUN"]
[BlackTeamCountry "HUN"]

1. d4 e6 2. c4 d5 3. Nc3 c6 4. e3 Nf6 5. f4 Nbd7 6. Bd3 dxc4 7. Bxc4 Nb6 8. Bd3 Be7 9. Nf3 0-0 10. 0-0 Qc7 11. Bd2 Bd7 12. Rc1 Rad8 13. Ne5 Qb8 14. Rf3 g6 15. Rh3 Kg7 16. Be1 Nfd5 17. Ne4 f5 18. Ng5 Bxg5 19. fxg5 Rh8 20. Qd2 Rdf8 21. Bg3 Qd8 22. Bh4 f4 23. exf4 Rxf4 24. Rf1 Rxf1+ 25. Bxf1 Rf8 26. Rf3 Qe7 27. Bg3 Bc8 28. h4 Rxf3 29. Nxf3 Nd7 30. Be5+ Kg8 31. a3 Qf8 32. Bd3 Nxe5 33. Nxe5 Qf4 34. Qf2 Qe3 35. Bc4 Qxf2+ 36. Kxf2 Ne7 37. g4 Nd5 38. Kf3 Kg7 39. Ke4 a5 40. Bb3 Ne7 41. Nc4 a4 42. Ba2 b5 43. Nb6 Bb7 44. Bxe6 c5+ 45. Ke3 c4 46. Kd2 Bc6 47. d5 Be8 48. d6 Nc6 49. d7 Bf7 50. Bd5 Kf8 1-0

[Event "HUN-chT2 Barcza 1011"]
[Site "Hungary"]
[Date "2011.04.10"]
[Round "8.6"]
[White "Kelemen, Gyorgy"]
[Black "Somlyai, Szabolcs"]
[Result "1-0"]
[WhiteElo "2078"]
[BlackElo "1949"]
[PlyCount "51"]
[EventDate "2010.09.12"]
[EventType "team-tourn"]
[EventRounds "11"]
[EventCountry "HUN"]
[SourceTitle "EXT 2012"]
[Source "ChessBase"]
[SourceDate "2011.11.24"]
[SourceVersion "1"]
[SourceVersionDate "2011.11.24"]
[SourceQuality "1"]
[WhiteTeam "Mezokovesd"]
[BlackTeam "Tiszavasvar"]
[WhiteTeamCountry "HUN"]
[BlackTeamCountry "HUN"]

1. e4 e5 2. Nf3 Nc6 3. Bb5 a6 4. Ba4 Bc5 5. 0-0 d6 6. c3 b5 7. Bb3 Bg4 8. Bd5 Qd7 9. Bxc6 Qxc6 10. Nxe5 dxe5 11. Qxg4 Qf6 12. b4 Bb6 13. a4 Nh6 14. Qe2 bxa4 15. Rxa4 0-0 16. Ra1 Qg6 17. Na3 f5 18. exf5 Rxf5 19. Nc4 Rg5 20. Nxe5 Rxg2+ 21. Kh1 Qg5 22. d4 Rxh2+ 23. Kxh2 Qh4+ 24. Kg2 Rf8 25. Bxh6 gxh6 26. Qg4+ 1-0

[Event "HUN-chT2 Barcza 1011"]
[Site "Hungary"]
[Date "2010.11.21"]
[Round "6.8"]
[White "Banszky, Miklos"]
[Black "Somlyai, Szabolcs"]
[Result "0-1"]
[WhiteElo "1974"]
[BlackElo "1949"]
[PlyCount "68"]
[EventDate "2010.09.12"]
[EventType "team-tourn"]
[EventRounds "11"]
[EventCountry "HUN"]
[SourceTitle "EXT 2012"]
[Source "ChessBase"]
[SourceDate "2011.11.24"]
[SourceVersion "1"]
[SourceVersionDate "2011.11.24"]
[SourceQuality "1"]
[WhiteTeam "Sajoszentpeter"]
[BlackTeam "Tiszavasvar"]
[WhiteTeamCountry "HUN"]
[BlackTeamCountry "HUN"]

1. e4 e5 2. Nf3 Nc6 3. Bb5 a6 4. Ba4 Bc5 5. c3 b5 6. Bc2 Nf6 7. 0-0 0-0 8. d4 exd4 9. cxd4 Be7 10. a3 d6 11. h3 h6 12. Nc3 Nh7 13. Nd5 Bg5 14. Nxg5 Nxg5 15. Be3 f5 16. f3 Na5 17. Nc3 f4 18. Bf2 Nxh3+ 19. gxh3 Bxh3 20. Kh2 Bxf1 21. Qxf1 Qe8 22. Qh3 Kh8 23. d5 Qe5 24. Rd1 c5 25. dxc6 Nxc6 26. Rd5 Qe7 27. Bh4 Qc7 28. Qe6 Ne5 29. Kg2 Nc4 30. Rh5 Ne3+ 31. Kf2 Nxc2 32. Be7 Qa7+ 33. Kg2 Rg8 34. Kh2 Qf2+ 0-1

[Event "HUN-chT2 Barcza 0910"]
[Site "Hungary"]
[Date "2010.01.31"]
[Round "5.10"]
[White "Somlyai, Szabolcs"]
[Black "Kucsa, Andras"]
[Result "1/2-1/2"]
[WhiteElo "1975"]
[BlackElo "1995"]
[PlyCount "62"]
[EventDate "2009.11.08"]
[EventType "team-tourn"]
[EventRounds "11"]
[EventCountry "HUN"]
[SourceTitle "EXT 2011"]
[Source "ChessBase"]
[SourceDate "2010.11.26"]
[SourceVersion "1"]
[SourceVersionDate "2010.11.26"]
[SourceQuality "1"]
[WhiteTeam "Tiszavasvar"]
[BlackTeam "Piremon"]
[WhiteTeamCountry "HUN"]
[BlackTeamCountry "HUN"]

1. d4 Nf6 2. c4 g6 3. Nc3 d5 4. e3 Bg7 5. f4 c6 6. Nf3 Bg4 7. b3 0-0 8. Bd3 Qa5 9. Bd2 Qd8 10. 0-0 e6 11. Be1 Nfd7 12. Qc2 Bxf3 13. Rxf3 f5 14. Rh3 Nf6 15. Bh4 Nbd7 16. Rd1 Qe8 17. Qf2 Ng4 18. Qg3 Ndf6 19. Be2 Qf7 20. Bg5 h5 21. Qf3 Ne4 22. Nxe4 fxe4 23. Qf1 Bf6 24. Bxf6 Nxf6 25. Rg3 Kh8 26. Rg5 Rg8 27. h3 Raf8 28. Qf2 Nh7 29. Re5 Qd7 30. Qh4 Rf5 31. g4 Rxe5 1/2-1/2

[Event "HUN-chT2 Barcza 0607"]
[Site "Hungary"]
[Date "2007.05.20"]
[Round "11"]
[White "Somlyai, Szabolcs"]
[Black "Peczeli, Zoltan"]
[Result "1/2-1/2"]
[WhiteElo "1989"]
[BlackElo "2032"]
[PlyCount "68"]
[EventDate "2006.11.12"]
[EventType "team"]
[EventRounds "11"]
[EventCountry "HUN"]
[SourceTitle "EXT 2008"]
[Source "ChessBase"]
[SourceDate "2007.11.25"]
[SourceVersion "1"]
[SourceVersionDate "2007.11.25"]
[SourceQuality "1"]
[WhiteTeam "Tiszavasvar"]
[BlackTeam "Piremon"]
[WhiteTeamCountry "HUN"]
[BlackTeamCountry "HUN"]

1. d4 d5 2. c4 e6 3. Nc3 Nf6 4. e3 c6 5. f4 Nbd7 6. Nf3 Ne4 7. Bd3 f5 8. Bd2 Bd6 9. Qe2 Ndf6 10. 0-0-0 0-0 11. Rhg1 c5 12. Ne5 Nxc3 13. Bxc3 Ne4 14. Bxe4 fxe4 15. g4 Qc7 16. Kb1 b6 17. cxd5 exd5 18. dxc5 Qxc5 19. Bd4 Qa5 20. h4 Ba6 21. Qd2 Qxd2 22. Rxd2 Bxe5 23. Bxe5 Bd3+ 24. Ka1 Rac8 25. b3 Rc6 26. h5 Rfc8 27. Kb2 Kf7 28. g5 g6 29. hxg6+ hxg6 30. Rh1 Ke6 31. Rh7 a6 32. Rg7 Kf5 33. Rd7 Ke6 34. Rg7 Kf5 1/2-1/2

[Event "HUN-chT2 Barcza 0607"]
[Site "Hungary"]
[Date "2007.02.18"]
[Round "5"]
[White "Miklosi, Attila"]
[Black "Somlyai, Szabolcs"]
[Result "1-0"]
[WhiteElo "2068"]
[BlackElo "1989"]
[PlyCount "63"]
[EventDate "2006.11.12"]
[EventType "team"]
[EventRounds "11"]
[EventCountry "HUN"]
[SourceTitle "EXT 2008"]
[Source "ChessBase"]
[SourceDate "2007.11.25"]
[SourceVersion "1"]
[SourceVersionDate "2007.11.25"]
[SourceQuality "1"]
[WhiteTeam "Hajduboszormeny"]
[BlackTeam "Tiszavasvar"]
[WhiteTeamCountry "HUN"]
[BlackTeamCountry "HUN"]

1. e4 e5 2. Nf3 Nc6 3. Bc4 Bc5 4. c3 d6 5. d4 exd4 6. cxd4 Bb6 7. Nc3 Bg4 8. Be3 a6 9. Qa4 Bd7 10. Qc2 h6 11. 0-0 Bg4 12. Rad1 Bxf3 13. gxf3 Qf6 14. Nd5 Qxf3 15. Be2 Qh3 16. Nf4 Qd7 17. e5 d5 18. Kh1 Nge7 19. Rg1 g6 20. e6 fxe6 21. Nxg6 Nxg6 22. Qxg6+ Qf7 23. Qxf7+ Kxf7 24. Bh5+ Kf8 25. Rg6 Nd8 26. Rdg1 Ke7 27. Rg7+ Kd6 28. Bf4+ Kc6 29. Rc1+ Kb5 30. Be2+ Kb4 31. Bd2+ Ka4 32. Rg3 1-0

[Event "HUN-chT2 Barcza 0506"]
[Site "Hungary"]
[Date "2006.04.23"]
[Round "11"]
[White "Hunko, Gyorgy"]
[Black "Somlyai, Szabolcs"]
[Result "1-0"]
[WhiteElo "2054"]
[BlackElo "2026"]
[PlyCount "59"]
[EventDate "2005.10.16"]
[EventType "team"]
[EventRounds "11"]
[EventCountry "HUN"]
[SourceTitle "EXT 2009"]
[Source "ChessBase"]
[SourceDate "2008.11.26"]
[SourceVersion "1"]
[SourceVersionDate "2008.11.26"]
[SourceQuality "1"]
[WhiteTeam "Mezokovesd"]
[BlackTeam "Tiszavasvar"]
[WhiteTeamCountry "HUN"]
[BlackTeamCountry "HUN"]

1. e4 e5 2. Nf3 Nc6 3. Bc4 Bc5 4. 0-0 d6 5. h3 Nf6 6. Re1 0-0 7. d3 h6 8. c3 a6 9. a4 Ba7 10. Be3 Bd7 11. Nbd2 Qc8 12. Nh2 Be6 13. b4 Ne7 14. Bxa7 Rxa7 15. d4 Ng6 16. Bxe6 Qxe6 17. d5 Qd7 18. Ng4 Nh7 19. Ne3 Nf4 20. Qg4 Qd8 21. Nf5 Qf6 22. Re3 h5 23. Qd1 Kh8 24. Nf3 g6 25. N5h4 g5 26. Nf5 g4 27. hxg4 hxg4 28. Nh2 Rg8 29. Nxg4 Qh4 30. Nxh4 1-0

[Event "HUN-chT2 Barcza 0506"]
[Site "Hungary"]
[Date "2005.10.16"]
[Round "1"]
[White "Somlyai, Szabolcs"]
[Black "Peczeli, Zoltan"]
[Result "1-0"]
[WhiteElo "2026"]
[BlackElo "2074"]
[PlyCount "79"]
[EventDate "2005.10.16"]
[EventType "team"]
[EventRounds "11"]
[EventCountry "HUN"]
[SourceTitle "EXT 2009"]
[Source "ChessBase"]
[SourceDate "2008.11.26"]
[SourceVersion "1"]
[SourceVersionDate "2008.11.26"]
[SourceQuality "1"]
[WhiteTeam "Tiszavasvar"]
[BlackTeam "Piremon II"]
[WhiteTeamCountry "HUN"]
[BlackTeamCountry "HUN"]

1. d4 Nf6 2. c4 e6 3. Nc3 d5 4. e3 c6 5. Nf3 Nbd7 6. Bd3 dxc4 7. Bxc4 b5 8. Bd3 a6 9. 0-0 c5 10. b3 Bb7 11. Re1 cxd4 12. Nxd4 Bb4 13. Bd2 Ne5 14. Be2 Rc8 15. Rc1 0-0 16. Nb1 Qd5 17. f3 Rxc1 18. Qxc1 Rc8 19. Qb2 Bxd2 20. Qxd2 Qc5 21. Rd1 Ng6 22. b4 Qc7 23. Nb3 Nd5 24. Rc1 Qb6 25. Nc5 Ba8 26. a3 a5 27. Kf2 axb4 28. axb4 Qc6 29. Na3 Ne5 30. Bxb5 Qc7 31. Nb3 Qb8 32. Rxc8+ Qxc8 33. h3 Bc6 34. Bxc6 Qxc6 35. e4 Nc7 36. Qd8+ Ne8 37. Nc5 Nc4 38. Nd7 h6 39. Qxe8+ Kh7 40. Nf6+ 1-0

[Event "HUN-chT2 Barcza 0304"]
[Site "Hungary"]
[Date "2004.03.21"]
[Round "9"]
[White "Somlyai, Szabolcs"]
[Black "Gunyecz, Zoltan"]
[Result "0-1"]
[WhiteElo "1769"]
[BlackElo "2054"]
[PlyCount "74"]
[EventDate "2003.08.29"]
[EventType "team"]
[EventRounds "11"]
[EventCountry "HUN"]
[SourceTitle "EXT 2009"]
[Source "ChessBase"]
[SourceDate "2008.11.26"]
[SourceVersion "1"]
[SourceVersionDate "2008.11.26"]
[SourceQuality "1"]
[WhiteTeam "Tiszavasvar"]
[BlackTeam "Szabolcs Volan"]
[WhiteTeamCountry "HUN"]
[BlackTeamCountry "HUN"]

1. d4 Nf6 2. c4 g6 3. Nc3 d5 4. cxd5 Nxd5 5. e3 Bg7 6. Bc4 Nxc3 7. bxc3 0-0 8. Ne2 c5 9. 0-0 Nc6 10. Bb2 Na5 11. Bd3 b6 12. Ng3 Bb7 13. h4 e5 14. h5 exd4 15. exd4 cxd4 16. c4 Rc8 17. Rc1 Qh4 18. hxg6 hxg6 19. Re1 Rfe8 20. Qa4 Bc6 21. Qc2 Qg4 22. Be2 Qd7 23. Bd3 Bd5 24. Bxg6 fxg6 25. Qxg6 Bf7 26. Qg5 Rc5 27. Qh4 Nxc4 28. Ba1 Ne5 29. Rcd1 Ng6 30. Rxe8+ Bxe8 31. Qe4 Rd5 32. Ne2 d3 33. Bxg7 Kxg7 34. Ng3 Re5 35. Qb4 Qd5 36. Qc3 Nf4 37. Nf5+ Kf6 0-1